<?xml version="1.0" encoding="UTF-8"?><?xml-stylesheet type="text/xsl" href="static/style.xsl"?><OAI-PMH xmlns="http://www.openarchives.org/OAI/2.0/" xmlns:xsi="http://www.w3.org/2001/XMLSchema-instance" xsi:schemaLocation="http://www.openarchives.org/OAI/2.0/ http://www.openarchives.org/OAI/2.0/OAI-PMH.xsd"><responseDate>2026-06-01T15:29:29Z</responseDate><request verb="GetRecord" identifier="oai:riuma.uma.es:10630/34821" metadataPrefix="marc">https://riuma.uma.es/rest/oai/request</request><GetRecord><record><header><identifier>oai:riuma.uma.es:10630/34821</identifier><datestamp>2026-02-03T11:43:13Z</datestamp><setSpec>com_10630_2254</setSpec><setSpec>col_10630_37956</setSpec></header><metadata><record xmlns="http://www.loc.gov/MARC21/slim" xmlns:dcterms="http://purl.org/dc/terms/" xmlns:doc="http://www.lyncode.com/xoai" xmlns:xsi="http://www.w3.org/2001/XMLSchema-instance" xsi:schemaLocation="http://www.loc.gov/MARC21/slim http://www.loc.gov/standards/marcxml/schema/MARC21slim.xsd">
   <leader>00925njm 22002777a 4500</leader>
   <datafield ind2=" " ind1=" " tag="042">
      <subfield code="a">dc</subfield>
   </datafield>
   <datafield ind2=" " ind1=" " tag="720">
      <subfield code="a">Moraleda-Ruano, Álvaro</subfield>
      <subfield code="e">author</subfield>
   </datafield>
   <datafield ind2=" " ind1=" " tag="720">
      <subfield code="a">Galán-Casado, Diego A.</subfield>
      <subfield code="e">author</subfield>
   </datafield>
   <datafield ind2=" " ind1=" " tag="720">
      <subfield code="a">Giménez-Gualdo, Ana María</subfield>
      <subfield code="e">author</subfield>
   </datafield>
   <datafield ind2=" " ind1=" " tag="260">
      <subfield code="c">2020</subfield>
   </datafield>
   <datafield ind2=" " ind1=" " tag="520">
      <subfield code="a">Bajo el prisma educativo, concretamente de la profesión docente, la identidad se asocia a la imagen que un sujeto tiene de sí mismo respecto de su&#xd;
práctica profesional, como proceso orientado a construir un modo propio&#xd;
y concreto de sentirse profesor, al mismo tiempo que le aporta sentido a su&#xd;
ejercicio profesional (Bolivar, 2016). Pese a la claridad conceptual a la hora&#xd;
de entender este proceso, una sociedad del conocimiento, caracterizada&#xd;
por la información e incesantes cambios, debe repensar constantemente &#xd;
la identidad del docente como ejercicio de ciudadanía y desafío inherente&#xd;
a dicho proceso pedagógico. Por ello, el presente capítulo se articula sobre&#xd;
la función del docente en la actualidad, y se comienza contextualizando&#xd;
su función concreta, su código deontológico o los límites de su ejercicio.&#xd;
Todo ello nos lleva a reflexionar sobre la función del docente en el presente,&#xd;
encargado de desarrollar un proceso educativo más allá de la instrucción y&#xd;
el intercambio de información, pues el educador también debe atender a la&#xd;
gestión de la convivencia, al mismo tiempo que educar en valores (Toribio,&#xd;
2016), circunscrito a las necesidades diversas que presenta el alumnado&#xd;
actual. El uso del conocimiento y la adquisición de competencias adecuadas&#xd;
permitirán desarrollar el modelo centrado en la atención a la diversidad y&#xd;
las necesidades específicas de cada alumno.</subfield>
   </datafield>
   <datafield ind1="8" ind2=" " tag="024">
      <subfield code="a">978-607-571-029-7</subfield>
   </datafield>
   <datafield ind1="8" ind2=" " tag="024">
      <subfield code="a">https://hdl.handle.net/10630/34821</subfield>
   </datafield>
   <datafield tag="653" ind2=" " ind1=" ">
      <subfield code="a">Educación inclusiva</subfield>
   </datafield>
   <datafield ind2="0" ind1="0" tag="245">
      <subfield code="a">La identidad docente como reto en el devenir de la educación. Individualización y atención a la diversidad en la escuela actual.</subfield>
   </datafield>
</record>
</metadata></record></GetRecord></OAI-PMH>